000 00950 a2200229 4500
001 45939
005 20260407155732.0
008 260407a1989 arg spa d
003 AR-UNSa-BCEJYS
040 _aAR-UNSa-BCEJYS
_bspa
_cAR-UNSa-BCEJYS
080 _a330(82)
_xEconomia Argentina
245 1 0 _aLas economías regionales de la Argentina. Crisis y políticas de desarrollo
020 _a950-25-1334-7
264 1 _aBuenos Aires :
_bCentro Editor de America Latina
_c1989
300 _a254 p.
_c21 cm.
505 _a1. la situación socioeconómica de las regiones extra-pampeanas argentinas a partir de 1970 – 2. Los principales procesos productivos regionales: Situación socioeconómica, propuestas y políticas – 3. Propuestas de políticas de desarrollo regional para la Argentina.
041 _aspa
942 _cBK
590 _aniveau_biblio:m niveau_hierar:0
100 1 _aManzanal, Mabel
700 1 _aRofman, Alejandro B.
999 _c4068
_d4068